书目信息 |
| 题名: |
音乐的力量
|
|
| 作者: | 陈俊伊 著 | |
| 分册: | ||
| 出版信息: | 北京 新华出版社 2020 |
|
| 页数: | 202页 | |
| 开本: | 24cm | |
| 丛书名: | ||
| 单 册: | ||
| 中图分类: | R454.3 | |
| 科图分类: | ||
| 主题词: | 音乐疗法 | |
| 电子资源: | ||
| ISBN: | 978-7-5166-5568-9 | |
| 000 | 00942nam0 2200229 450 | |
| 001 | 2356003328 | |
| 005 | 20230926153348.04 | |
| 010 | @a978-7-5166-5568-9@dCNY35.00 | |
| 100 | @a20210325d2020 em y0chiy50 ea | |
| 101 | 0 | @achi |
| 102 | @aCN@b110000 | |
| 105 | @ay z 000yy | |
| 200 | 1 | @a音乐的力量@Ayin yue de li liang@f陈俊伊著 |
| 210 | @a北京@c新华出版社@d2020 | |
| 215 | @a202页@d24cm | |
| 300 | @a2019年度山东省艺术科学重点课题《新旧动能转换综合试验区的音乐治疗学科社会功能与实践研究》 山东艺术学院科研成果出版基金资助 | |
| 330 | @a本书共五章,内容包括:音乐影响力、音乐创新力、音乐疗愈力、实践与案例、音乐与设备。旨在为音乐治疗学科参与新文科建设、全国社会心理服务体系建设、健康中国战略和心理健康促进行动提供以实践为基础的建议和应用参考,向社会各界推广音乐治疗和音乐心理健康服务。 | |
| 606 | 0 | @a音乐疗法 |
| 690 | @aR454.3@v5 | |
| 701 | 0 | @a陈俊伊@Achen jun yi@4著 |
| 801 | 0 | @aCN@b山东中教@c20230926 |
| 905 | @aBZT@dR454.3@e7 | |
| 音乐的力量/陈俊伊著.-北京:新华出版社,2020 |
| 202页;24cm |
| 2019年度山东省艺术科学重点课题《新旧动能转换综合试验区的音乐治疗学科社会功能与实践研究》 山东艺术学院科研成果出版基金资助 |
| ISBN 978-7-5166-5568-9:CNY35.00 |
| 本书共五章,内容包括:音乐影响力、音乐创新力、音乐疗愈力、实践与案例、音乐与设备。旨在为音乐治疗学科参与新文科建设、全国社会心理服务体系建设、健康中国战略和心理健康促进行动提供以实践为基础的建议和应用参考,向社会各界推广音乐治疗和音乐心理健康服务。 |
| ● |
| 相关链接 |
|
|
|
正题名:音乐的力量
索取号:R454.3/7
 
预约/预借
| 序号 | 登录号 | 条形码 | 馆藏地/架位号 | 状态 | 备注 |
| 1 | 2000956175 | 2000956175 | 第四书库/四28架B面3层2列/ [索取号:R454.3/7] | 在馆 | |
| 2 | 2000956176 | 2000956176 | 第四书库/四28架B面3层2列/ [索取号:R454.3/7] | 在馆 | |
| 3 | 2000956177 | 2000956177 | 第四书库/四28架B面3层2列/ [索取号:R454.3/7] | 在馆 | |
| 4 | 2000956178 | 2000956178 | 第四书库/四28架B面3层2列/ [索取号:R454.3/7] | 在馆 | |
| 5 | 2000956179 | 2000956179 | 第四书库/四28架B面3层2列/ [索取号:R454.3/7] | 在馆 | |
| 6 | 2000956180 | 2000956180 | 第四书库/四28架B面3层2列/ [索取号:R454.3/7] | 在馆 |